Etudes paleontologiques sur la faune cretacique du massif du Moghara, Sinai, Egypte /

محفوظ في:

المؤلف الرئيسي: Mahmud, Ibrahim Jamal al-Din, 1922-

التنسيق: أطروحة كتاب

اللغة: French

منشور في: Alexandrie : Imp. de l'Universite, 1956.

سلاسل: Universite d'Alexandrie. Faculte des sciences. Publication no. 1

الموضوعات:

الوسوم: إضافة وسم

لا توجد وسوم, كن أول من يضع وسما على هذه التسجيلة!

رقم الطلب: (F)QE688 .M25

LEADER 01036cam a2200277 4500
001 ocm04411472
003 OCoLC
005 20240220013648.0
008 781201s1956 ua abf bm 000 0 fre
010 |a  59046355  
043 |a f-ua--- 
050 0 4 |a (F)QE688  |b .M25 
100 1 |a Mahmud, Ibrahim Jamal al-Din,  |d 1922- 
245 1 0 |a Etudes paleontologiques sur la faune cretacique du massif du Moghara, Sinai, Egypte /  |c par Ibrahim Gamal el-Din Mahmoud. 
264 1 |a Alexandrie :  |b Imp. de l'Universite,  |c 1956. 
300 |a 189 pages  |b illustrations, 19 plates, maps ;  |c 31 cm 
336 |a text  |b txt  |2 rdacontent 
337 |a unmediated  |b n  |2 rdamedia 
338 |a volume  |b nc  |2 rdacarrier 
490 1 |a Universite d'Alexandrie. Faculte des sciences. Publication  |v no. 1 
502 |a These--Grenoble. 
504 |a Includes bibliographical references (pages 167-181). 
650 0 |a Paleontology  |y Cretaceous. 
650 0 |a Paleontology  |z Egypt  |z Shamal Sina. 
810 2 |a Jamiat al-Iskandariyah.  |t Publication ;  |v no. 1. 
999 |c 56882  |d 56882